000 00550nam a2200157 4500
999 _c16317
_d16317
008 211118b ||||| |||| 00| 0 eng d
022 _a0732-8435
082 _aDPer 657.05 C33 Apr - Sept 2016, v86 n4-9
100 _aCoe, Martin.
_943700
245 _aFactors that influence a student's intention to sit for the CPA exam/
_cMartin Coe.
260 _aNew York:
_bThe New York State Society of CPA,
_c©2016.
300 _av86 n8, page 18-20;
_c28 cm.
500 _aThe CPA Journal
650 _aAccountants
_xExaminations.
_943701
942 _2ddc
_cPER